<?xml version='1.0' encoding='UTF-8'?>
  <record xmlns="http://www.loc.gov/MARC21/slim">
    <leader>00000cam a2200000 i 4500</leader>
    <controlfield tag="001">ocn776762269</controlfield>
    <controlfield tag="003">OCoLC</controlfield>
    <controlfield tag="005">20231213210205.5</controlfield>
    <controlfield tag="008">930712s1557    fr            000 0 lat d</controlfield>
    <datafield tag="040" ind1=" " ind2=" ">
      <subfield code="a">NLGGC</subfield>
      <subfield code="b">dut</subfield>
      <subfield code="e">fobidrtb</subfield>
      <subfield code="c">NLGGC</subfield>
      <subfield code="d">QGJ</subfield>
      <subfield code="d">OCLCA</subfield>
      <subfield code="d">QGJ</subfield>
      <subfield code="d">OCLCQ</subfield>
      <subfield code="d">OCLCA</subfield>
      <subfield code="d">OCLCL</subfield>
    </datafield>
    <datafield tag="029" ind1="0" ind2=" ">
      <subfield code="a">NLGGC</subfield>
      <subfield code="b">108774481</subfield>
    </datafield>
    <datafield tag="035" ind1=" " ind2=" ">
      <subfield code="a">(OCoLC)776762269</subfield>
    </datafield>
    <datafield tag="041" ind1="1" ind2=" ">
      <subfield code="a">lat</subfield>
      <subfield code="h">heb</subfield>
    </datafield>
    <datafield tag="100" ind1="1" ind2=" ">
      <subfield code="a">Dawid ben Yosef ben Yiẕḥaq ibn Qimḥi</subfield>
      <subfield code="q">(David ben Joseph),</subfield>
      <subfield code="d">ca. 1160-ca. 1235.</subfield>
      <subfield code="1">https://id.oclc.org/worldcat/entity/E39PBJjCRJcDpKP3T8jm6jfcyd</subfield>
    </datafield>
    <datafield tag="245" ind1="1" ind2="0">
      <subfield code="a">Commentarii Rabbi Davidi Kimhi in Haggaevm, Zachariam &amp; Malachiam prophetas /</subfield>
      <subfield code="c">ex Hebraïco idiomate in Latinum sermonem traducti, interprete Thoma Nelo Anglo ; qvibvs avctarii loco accessere breues quaedam obseruationes in eosdem prophetas, partim ex Hieronymo, partim ex aliis probatae fidei authoribus decerptae.</subfield>
    </datafield>
    <datafield tag="246" ind1="3" ind2=" ">
      <subfield code="a">Commentarii in Haggaeum, Zachariam &amp; Malachiam prophetas</subfield>
    </datafield>
    <datafield tag="246" ind1="3" ind2=" ">
      <subfield code="a">Commentarii in Haggaeum, Zachariam et Malachiam prophetas</subfield>
    </datafield>
    <datafield tag="260" ind1=" " ind2=" ">
      <subfield code="a">Parisiis, :</subfield>
      <subfield code="b">Apud Martinum Iuuenem, sub insigni D. Christophori, è regione gymnasij Cameracensium.,</subfield>
      <subfield code="c">1557.</subfield>
    </datafield>
    <datafield tag="300" ind1=" " ind2=" ">
      <subfield code="a">[8], 101, [7] fol. ;</subfield>
      <subfield code="c">in-4 (22 cm)</subfield>
    </datafield>
    <datafield tag="336" ind1=" " ind2=" ">
      <subfield code="a">tekst</subfield>
      <subfield code="b">txt</subfield>
      <subfield code="2">rdacontent/dut</subfield>
    </datafield>
    <datafield tag="337" ind1=" " ind2=" ">
      <subfield code="a">zonder medium</subfield>
      <subfield code="b">n</subfield>
      <subfield code="2">rdamedia/dut</subfield>
    </datafield>
    <datafield tag="338" ind1=" " ind2=" ">
      <subfield code="a">band</subfield>
      <subfield code="b">nc</subfield>
      <subfield code="2">rdacarrier/dut</subfield>
    </datafield>
    <datafield tag="340" ind1=" " ind2=" ">
      <subfield code="m">4to</subfield>
      <subfield code="2">rdabf</subfield>
    </datafield>
    <datafield tag="500" ind1=" " ind2=" ">
      <subfield code="a">With dedication, 'Praefatio' and 'Explicatio'.</subfield>
    </datafield>
    <datafield tag="500" ind1=" " ind2=" ">
      <subfield code="a">Signatures: ã⁴ ẽ⁴ a-z⁴ A-D⁴.</subfield>
    </datafield>
    <datafield tag="500" ind1=" " ind2=" ">
      <subfield code="a">Printer's device on t.p.; imprimatur on t.p. verso</subfield>
    </datafield>
    <datafield tag="630" ind1="0" ind2="0">
      <subfield code="a">Bible.</subfield>
      <subfield code="p">Haggai</subfield>
      <subfield code="v">Commentaries.</subfield>
    </datafield>
    <datafield tag="630" ind1="0" ind2="0">
      <subfield code="a">Bible.</subfield>
      <subfield code="p">Zechariah</subfield>
      <subfield code="v">Commentaries.</subfield>
    </datafield>
    <datafield tag="630" ind1="0" ind2="0">
      <subfield code="a">Bible.</subfield>
      <subfield code="p">Malachi</subfield>
      <subfield code="v">Commentaries.</subfield>
    </datafield>
    <datafield tag="630" ind1="0" ind2="7">
      <subfield code="a">Bible.</subfield>
      <subfield code="p">Haggai.</subfield>
      <subfield code="2">fast</subfield>
      <subfield code="0">(OCoLC)fst01892908</subfield>
    </datafield>
    <datafield tag="630" ind1="0" ind2="7">
      <subfield code="a">Bible.</subfield>
      <subfield code="p">Malachi.</subfield>
      <subfield code="2">fast</subfield>
      <subfield code="0">(OCoLC)fst01892927</subfield>
    </datafield>
    <datafield tag="630" ind1="0" ind2="7">
      <subfield code="a">Bible.</subfield>
      <subfield code="p">Zechariah.</subfield>
      <subfield code="2">fast</subfield>
      <subfield code="0">(OCoLC)fst01892962</subfield>
    </datafield>
    <datafield tag="655" ind1=" " ind2="7">
      <subfield code="a">Commentaries.</subfield>
      <subfield code="2">fast</subfield>
      <subfield code="0">(OCoLC)fst01423723</subfield>
    </datafield>
    <datafield tag="700" ind1="1" ind2=" ">
      <subfield code="a">Neale, Thomas.</subfield>
      <subfield code="4">trl</subfield>
    </datafield>
    <datafield tag="700" ind1="1" ind2=" ">
      <subfield code="a">Hieronymus van Stridon,</subfield>
      <subfield code="d">c.349-c.420.</subfield>
      <subfield code="1">https://id.oclc.org/worldcat/entity/E39PCjwgxTrpxrjJpxKjh7hVhb</subfield>
    </datafield>
    <datafield tag="700" ind1="1" ind2=" ">
      <subfield code="a">Pole, Reginald,</subfield>
      <subfield code="d">1500-1558.</subfield>
      <subfield code="4">dte</subfield>
      <subfield code="1">https://id.oclc.org/worldcat/entity/E39PBJyMhx6KddWrGkxbtWqPcP</subfield>
    </datafield>
    <datafield tag="710" ind1="0" ind2=" ">
      <subfield code="a">Le Jeune, Martin (Parijs)</subfield>
      <subfield code="4">prt</subfield>
      <subfield code="0">(NL-LeOCL)080167373</subfield>
    </datafield>
    <datafield tag="752" ind1=" " ind2=" ">
      <subfield code="a">France</subfield>
      <subfield code="d">Paris,</subfield>
      <subfield code="4">pup</subfield>
    </datafield>
  </record>